000 00453nam a22001697a 4500
005 20251108170623.0
008 250721s1998 xx 000 0 eng d
082 1 4 _aF/ABD
100 1 _aAbdulah, Nurhana Ibrahim
245 1 0 _aStories of women behind the Veil /
246 1 1 _aقصص نساء محجبات
264 1 _aAmman :
_bAl.Durar book sellers,
_c1998.
300 _a113p.
650 1 7 _aEnglish Fiction
942 _2ddc
_cBK
999 _c44958
_d44958